[Event "FRA-ch Blitz Online Qual"]
[Site "Europe Echecs INT"]
[Date "2020.05.16"]
[Round "3"]
[White "Batout, Ethan"]
[Black "Goyer, Lionel"]
[Result "1-0"]
[WhiteElo "1267"]
[BlackElo "1782"]
[PlyCount "95"]
[EventDate "2020.05.16"]
[EventType "swiss (blitz)"]
[EventRounds "15"]
[EventCountry "FRA"]
[SourceTitle "CBM 196 Extra"]
[Source "ChessBase"]
[SourceDate "2020.07.31"]
[SourceVersion "1"]
[SourceVersionDate "2020.07.31"]
[SourceQuality "1"]

1. d4 d5 2. c4 e6 3. Nc3 dxc4 4. e4 c6 5. Bxc4 b5 6. Bb3 Bb7 7. Nf3 a6 8. 0-0 Nd7 9. Re1 Ngf6 10. Bg5 Be7 11. h3 0-0 12. Qc2 Rc8 13. Rad1 Qc7 14. e5 Nd5 15. Nxd5 cxd5 16. Qxc7 Rxc7 17. Bxe7 Rfc8 18. Bd6 Rc6 19. Re2 Nb6 20. Bc5 Nc4 21. Bxc4 dxc4 22. Rc2 Rd8 23. b3 Rxc5 24. bxc4 Rxc4 25. Rxc4 bxc4 26. Kf1 Bxf3 27. gxf3 f6 28. exf6 gxf6 29. Ke2 Kf7 30. f4 Kg6 31. Ke3 Kf5 32. f3 e5 33. fxe5 fxe5 34. d5 Rd6 35. h4 h6 36. a3 Rb6 37. d6 Rb8 38. Rc1 Rb3+ 39. Ke2 Rd3 40. Rxc4 Rxd6 41. a4 Rb6 42. Kd3 Rb3+ 43. Ke2 Rb2+ 44. Ke3 Ra2 45. Rc6 Rxa4 46. Rxh6 Ra3+ 47. Kf2 Kf4 48. Rf6# 1-0

[Event "FRA-ch Blitz Online Qual"]
[Site "Europe Echecs INT"]
[Date "2020.05.16"]
[Round "12"]
[White "Goyer, Lionel"]
[Black "Daunay, Gabriel"]
[Result "0-1"]
[WhiteElo "1782"]
[BlackElo "1701"]
[PlyCount "64"]
[EventDate "2020.05.16"]
[EventType "swiss (blitz)"]
[EventRounds "15"]
[EventCountry "FRA"]
[SourceTitle "CBM 196 Extra"]
[Source "ChessBase"]
[SourceDate "2020.07.31"]
[SourceVersion "1"]
[SourceVersionDate "2020.07.31"]
[SourceQuality "1"]

1. d4 Nf6 2. c4 g6 3. Nc3 d5 4. Bg5 Ne4 5. Nxe4 dxe4 6. e3 Bg7 7. Ne2 c5 8. Qd2 Nc6 9. d5 Ne5 10. Nc3 f5 11. Be2 0-0 12. 0-0 a6 13. Rfd1 Qc7 14. Rac1 h6 15. Bf4 g5 16. Bg3 Bd7 17. h4 Rad8 18. hxg5 hxg5 19. a3 Qb6 20. f4 exf3 21. Bf4 fxe2 22. Qxe2 gxf4 23. exf4 Ng6 24. Qh5 Kf7 25. Re1 Rh8 26. Qe2 Nxf4 27. Qxe7+ Kg6 28. Re3 Nh5 29. Rce1 Bf6 30. Re6 Bxe6 31. Rxe6 Qxb2 32. Rxf6+ Nxf6 0-1

[Event "FRA-ch Blitz Online Qual"]
[Site "Europe Echecs INT"]
[Date "2020.05.16"]
[Round "4"]
[White "Goyer, Lionel"]
[Black "Nezosi, Constantin"]
[Result "0-1"]
[WhiteElo "1782"]
[BlackElo "1458"]
[PlyCount "84"]
[EventDate "2020.05.16"]
[EventType "swiss (blitz)"]
[EventRounds "15"]
[EventCountry "FRA"]
[SourceTitle "CBM 196 Extra"]
[Source "ChessBase"]
[SourceDate "2020.07.31"]
[SourceVersion "1"]
[SourceVersionDate "2020.07.31"]
[SourceQuality "1"]

1. d4 d5 2. Nf3 Nc6 3. Bg5 h6 4. Bh4 Bg4 5. e3 Nf6 6. Be2 e6 7. h3 Bxf3 8. Bxf3 Be7 9. 0-0 0-0 10. Nd2 Nd7 11. Bg3 Bh4 12. Bh2 Nb6 13. b3 f5 14. c4 dxc4 15. Nxc4 Nxc4 16. bxc4 Bg5 17. Rb1 Rb8 18. Qa4 Qd7 19. Rxb7 Rxb7 20. Bxc6 Qc8 21. Bxb7 Qxb7 22. Qd7 f4 23. Qxe6+ Kh8 24. e4 f3 25. g4 Qb2 26. d5 Bh4 27. Be5 Bxf2+ 28. Rxf2 Qc1+ 29. Rf1 Qd2 30. Bxg7+ Kxg7 31. Qe7+ Kg8 32. Qe6+ Kg7 33. Qe5+ Kg8 34. Qg3 f2+ 35. Rxf2 Qe1+ 36. Kg2 Qxe4+ 37. Kh2 Rxf2+ 38. Qxf2 Qxc4 39. Qd2 Kf7 40. Kg3 Kg6 41. h4 Kg7 42. Kh3 Kh7 0-1

[Event "FRA-ch Blitz Online Qual"]
[Site "Europe Echecs INT"]
[Date "2020.05.16"]
[Round "13"]
[White "Hilton, Marc"]
[Black "Goyer, Lionel"]
[Result "0-1"]
[WhiteElo "1546"]
[BlackElo "1782"]
[PlyCount "102"]
[EventDate "2020.05.16"]
[EventType "swiss (blitz)"]
[EventRounds "15"]
[EventCountry "FRA"]
[SourceTitle "CBM 196 Extra"]
[Source "ChessBase"]
[SourceDate "2020.07.31"]
[SourceVersion "1"]
[SourceVersionDate "2020.07.31"]
[SourceQuality "1"]

1. d4 c6 2. c4 d5 3. Nc3 dxc4 4. e4 Nf6 5. Bxc4 e6 6. Nf3 Be7 7. Bg5 0-0 8. 0-0 b5 9. Bb3 Bb7 10. Bc2 h6 11. Bh4 a6 12. Qd3 g6 13. Bxf6 Bxf6 14. e5 Bg7 15. Nd2 Nd7 16. Nde4 Nb6 17. f4 Qe7 18. Qg3 Rad8 19. Nd6 Rxd6 20. exd6 Qxd6 21. Kh1 Qxd4 22. Rad1 Qb4 23. Bb3 Nd5 24. Rf3 Qe7 25. Re1 Nxc3 26. bxc3 c5 27. Rfe3 c4 28. Bc2 Qc5 29. Qg4 h5 30. Qh3 Rd8 31. Rg3 Qf2 32. Rc1 Qxf4 33. Rg1 Rd2 34. Bxg6 fxg6 35. Rxg6 Qf5 36. Qg3 Rxg2 37. Qxg2 Bxg2+ 38. R6xg2 Qf6 39. Rxg7+ Qxg7 40. Rxg7+ Kxg7 41. Kg2 Kf6 42. Kf3 Kf5 43. h4 e5 44. a3 e4+ 45. Ke3 Ke5 46. Kf2 Kf4 47. Kg2 e3 48. Kf1 Kf3 49. Ke1 e2 50. a4 bxa4 51. Kd2 Kf2 0-1